LIBRARY & INFORMATION CENTRE, KCAET, TAVANUR

ONLINE PUBLIC ACCESS CATALOGUE (OPAC)

Applied mechanics text book for engineering students / (Record no. 11060)

MARC details
000 -LEADER
fixed length control field 00470cam a2200181ua 4500
041 ## - LANGUAGE CODE
Language code of text/sound track or separate title eng
082 ## - DEWEY DECIMAL CLASSIFICATION NUMBER
Classification number 620.1
Item number PAU/AP
100 ## - MAIN ENTRY--AUTHOR NAME
Personal name Paul, P U .
245 ## - TITLE STATEMENT
Title Applied mechanics text book for engineering students /
260 ## - PUBLICATION, DISTRIBUTION, ETC. (IMPRINT)
Place of publication Trichur :
Name of publisher Engineering college ,
Year of publication 1972.
300 ## - PHYSICAL DESCRIPTION
Number of Pages 328 ; .
700 1# - ADDED ENTRY--PERSONAL NAME
Personal name Veerankutty, M K .
942 ## - ADDED ENTRY ELEMENTS (KOHA)
Koha item type Books
Holdings
Withdrawn status Lost status Damaged status Home library Current library Date acquired Full call number Accession Number Koha item type
      KAUAET KAUAET 07/04/2012 620.1 PAU/AP 13423 Books
free website counter